Albums by Rapper-Click Quiz - Statistics

General Stats
  • This quiz has been taken 124 times
  • The average score is 46 of 63
Answer Stats
Question Tile Select % Correct
Kanye West Albums Saints & Sinners No
98%
Kanye West Albums 4:44 No
97%
Kanye West Albums God Mode No
97%
Kanye West Albums YeBron No
97%
Kanye West Albums Yeezus Yes
97%
Kendrick Lamar Albums DAMN. Yes
96%
Kanye West Albums Donda Yes
95%
Kendrick Lamar Albums F.I.F.T.H. element No
94%
Kendrick Lamar Albums Gods and Mortals No
94%
Kendrick Lamar Albums good kid, m.A.A.d city Yes
94%
Kendrick Lamar Albums Psalm 17 No
94%
Kanye West Albums Ye Yes
94%
Kanye West Albums The Life of Pablo Yes
93%
Kendrick Lamar Albums GNX Yes
92%
Kanye West Albums Late Registration Yes
92%
Kendrick Lamar Albums The Melodic Blue No
92%
Drake Albums To Pimp a Butterfly No
92%
Drake Albums For What It's Worth No
90%
Drake Albums Take Care Yes
89%
Drake Albums Nothing More, Nothing Less No
88%
Drake Albums Scorpion Yes
88%
Eminem Albums Whiteout No
88%
J. Cole Albums Mixtape Pluto No
82%
Eminem Albums Renaissance No
82%
Kendrick Lamar Albums Section.80 Yes
82%
Drake Albums Somewhere in Toronto No
82%
Eminem Albums Rehab No
81%
J. Cole Albums Kingdom Come No
80%
Drake Albums Honestly, Nevermind Yes
78%
Eminem Albums Resurrection No
78%
J. Cole Albums Unscripted No
77%
Eminem Albums Relapse Yes
76%
Eminem Albums Encore Yes
75%
Kendrick Lamar Albums Untitled: Unfiltered No
74%
Eminem Albums Recovery Yes
73%
Eminem Albums Revival Yes
73%
Andre 3000/Outkast Albums Stankonia Yes
70%
Andre 3000/Outkast Albums Finding Forever No
68%
Drake Albums Nothing Was the Same Yes
68%
Andre 3000/Outkast Albums Infinxte Hour No
66%
J. Cole Albums KOD Yes
66%
J. Cole Albums Through My Eyes No
66%
J. Cole Albums Born Sinner Yes
65%
Andre 3000/Outkast Albums Notes/Wake of Silence No
65%
Young Thug Albums Unchained No
65%
Andre 3000/Outkast Albums Aquemini Yes
63%
J. Cole Albums The Post-Season No
63%
Andre 3000/Outkast Albums Colors of Thought No
62%
Young Thug Albums Dying to Live No
62%
Young Thug Albums Perfect Timing No
62%
Young Thug Albums Jeffery Yes
61%
Drake Albums Thank Me Later Yes
58%
Young Thug Albums DS4EVER No
57%
J. Cole Albums The Come Up Yes
52%
J. Cole Albums The Sideline Story Yes
52%
Young Thug Albums So Much Fun Yes
50%
Young Thug Albums Thuggerism No
42%
Eminem Albums Infinite Yes
34%
Young Thug Albums Punk Yes
30%
Andre 3000/Outkast Albums Idlewild Yes
23%
Andre 3000/Outkast Albums New Blue Sun Yes
22%
Andre 3000/Outkast Albums Southern Slang Yes
14%
Young Thug Albums Black Portland Yes
10%
No matching quizzes found
Score Distribution
Percent of People with Each Score
Percentile by Number Answered
Your Score History
You have not taken this quiz